| 000 | 00575nam a2200205Ia 4500 | ||
|---|---|---|---|
| 003 | OSt | ||
| 005 | 20250227100004.0 | ||
| 008 | 210210b1985 xxu||||| |||| 00| 0 eng d | ||
| 040 |
_aAL _c |
||
| 041 | _aKannada | ||
| 082 | _aK494.6 SEDC | ||
| 100 |
_aSEDIYAPU KRASHNABHATTA. _938179 _dಸೇಡಿಯಾಪು ಕೃಷ್ಣಭಟ್ಟ |
||
| 245 |
_aChandogathi _b ಛಂದೋಗತಿ |
||
| 260 |
_aMaisuru _bGeeta book house _c1985 |
||
| 300 | _a217 | ||
| 650 |
_aKannada chandassu _938180 |
||
| 690 |
_aKannada Grammar _938181 |
||
| 906 | _a037279 | ||
| 942 |
_2ddc _cBK |
||
| 999 |
_c87862 _d87862 |
||